<?xml version="1.0" encoding="UTF-8"?>
<resp>
  <nextPage>https://data.bn.org.pl/api/networks/bibs.marcxml?marc=001+b1000000408159&amp;sinceId=1000000408160</nextPage>
  <collection>
    <record xmlns='http://www.loc.gov/MARC21/slim'><leader>01905naa a2200601 i 4500</leader><controlfield tag='001'>b1000000408159</controlfield><controlfield tag='005'>20251216080715.2</controlfield><controlfield tag='008'>190910s2016    pl            |0000 pol c</controlfield><controlfield tag='009'>9911249756305606</controlfield><datafield ind1=' ' ind2=' ' tag='035'><subfield code='a'>(PL)b1000000408159</subfield></datafield><datafield ind1=' ' ind2=' ' tag='040'><subfield code='a'>WA N</subfield><subfield code='c'>WA N</subfield><subfield code='d'>WA N</subfield></datafield><datafield ind1='0' ind2=' ' tag='041'><subfield code='a'>pol</subfield></datafield><datafield ind1='2' ind2=' ' tag='045'><subfield code='b'>d2001</subfield><subfield code='b'>d2014</subfield></datafield><datafield ind1=' ' ind2=' ' tag='046'><subfield code='k'>2016</subfield></datafield><datafield ind1=' ' ind2=' ' tag='080'><subfield code='8'>1.1\x</subfield><subfield code='a'>33(045/046)</subfield></datafield><datafield ind1=' ' ind2=' ' tag='080'><subfield code='8'>1.2\x</subfield><subfield code='a'>005(045/046)</subfield></datafield><datafield ind1=' ' ind2=' ' tag='080'><subfield code='8'>1.3\x</subfield><subfield code='a'>658.1/.5(045/046)</subfield></datafield><datafield ind1='1' ind2=' ' tag='100'><subfield code='a'>Gaweł, Wioleta</subfield><subfield code='e'>Autor</subfield></datafield><datafield ind1='1' ind2='0' tag='245'><subfield code='a'>Nowoczesne metody rozwoju pracowników w organizacji /</subfield><subfield code='c'>Wioleta Gaweł.</subfield></datafield><datafield ind1=' ' ind2=' ' tag='260'><subfield code='c'>2016.</subfield></datafield><datafield ind1=' ' ind2=' ' tag='336'><subfield code='a'>Tekst</subfield><subfield code='b'>txt</subfield><subfield code='2'>rdacontent</subfield></datafield><datafield ind1=' ' ind2=' ' tag='337'><subfield code='a'>Bez urządzenia pośredniczącego</subfield><subfield code='b'>n</subfield><subfield code='2'>rdamedia</subfield></datafield><datafield ind1=' ' ind2=' ' tag='338'><subfield code='a'>Wolumin</subfield><subfield code='b'>nc</subfield><subfield code='2'>rdacarrier</subfield></datafield><datafield ind1=' ' ind2=' ' tag='380'><subfield code='a'>Artykuły</subfield></datafield><datafield ind1=' ' ind2=' ' tag='380'><subfield code='a'>Publikacje naukowe</subfield></datafield><datafield ind1='1' ind2=' ' tag='388'><subfield code='a'>2001-</subfield></datafield><datafield ind1=' ' ind2=' ' tag='504'><subfield code='a'>Bibliografia na stronach 47-48.</subfield></datafield><datafield ind1=' ' ind2='7' tag='648'><subfield code='a'>2001-</subfield><subfield code='2'>DBN</subfield></datafield><datafield ind1=' ' ind2='7' tag='650'><subfield code='a'>Organizacje</subfield><subfield code='2'>DBN</subfield></datafield><datafield ind1=' ' ind2='7' tag='650'><subfield code='a'>Rozwój osobisty</subfield><subfield code='2'>DBN</subfield></datafield><datafield ind1=' ' ind2='7' tag='650'><subfield code='a'>Społeczna odpowiedzialność biznesu (CSR)</subfield><subfield code='2'>DBN</subfield></datafield><datafield ind1=' ' ind2='7' tag='650'><subfield code='a'>Zarządzanie zasobami ludzkimi (HRM)</subfield><subfield code='2'>DBN</subfield></datafield><datafield ind1=' ' ind2='7' tag='655'><subfield code='a'>Artykuł problemowy</subfield><subfield code='2'>DBN</subfield></datafield><datafield ind1=' ' ind2='7' tag='655'><subfield code='a'>Artykuł z pracy zbiorowej</subfield><subfield code='2'>DBN</subfield></datafield><datafield ind1=' ' ind2=' ' tag='658'><subfield code='a'>Gospodarka, ekonomia, finanse</subfield></datafield><datafield ind1=' ' ind2=' ' tag='658'><subfield code='a'>Zarządzanie i marketing</subfield></datafield><datafield ind1='0' ind2=' ' tag='773'><subfield code='i'>W:</subfield><subfield code='t'>Wyzwania współczesnych organizacji : aspekty praktyczne.</subfield><subfield code='g'>s. 40-48</subfield><subfield code='w'>(PL)b0000005419706</subfield></datafield><datafield ind1=' ' ind2=' ' tag='852'><subfield code='b'>48OMNIS_NLOP</subfield><subfield code='8'>991052562408905066</subfield></datafield><datafield ind1=' ' ind2=' ' tag='852'><subfield code='b'>48OMNIS_NETWORK</subfield><subfield code='8'>9911249756305606</subfield></datafield></record>
  </collection>
</resp>
